000 01029nam a2200241Ia 4500
003 GCL
005 20240530102847.0
008 140319s9999 xx 000 0 ara d
040 _aGCL /
_cGCL
082 0 4 _a953
_bذ ت
100 _aالذهبى ، شمس الدين محمد بن احمد بن عثمان
245 1 0 _aتاريخ الاسلام ووفيات المشاهير والاعلام :
_bعهد الخلفاء الراشدين حوادث ووفيات /
_cالذهبى ، شمس الدين محمد بن احمد بن عثمان ، تحقيق عمر عبدالسلام تدمرى
250 _aالاولى
260 _aبيروت :
_bدار الكتاب العربى ،
_c1987
300 _a803 ص ؛
_c24 سم
650 0 4 _aالسيرة النبوية
650 0 4 _aالتاريخ الاسلامى
650 0 4 _aالتراجم
650 0 4 _aالحضارة الاسلامية
650 0 4 _aالخلفاء الراشدون
700 _a عمر عبدالسلام تدمرى
_eمحقق
942 _2ddc
_cBK
999 _c34997
_d34997